<?xml version="1.0" encoding="UTF-8"?><?xml-stylesheet type="text/xsl" href="static/style.xsl"?><OAI-PMH xmlns="http://www.openarchives.org/OAI/2.0/" xmlns:xsi="http://www.w3.org/2001/XMLSchema-instance" xsi:schemaLocation="http://www.openarchives.org/OAI/2.0/ http://www.openarchives.org/OAI/2.0/OAI-PMH.xsd"><responseDate>2026-04-30T00:38:29Z</responseDate><request verb="GetRecord" identifier="oai:uvadoc.uva.es:10324/2748" metadataPrefix="marc">https://uvadoc.uva.es/oai/request</request><GetRecord><record><header><identifier>oai:uvadoc.uva.es:10324/2748</identifier><datestamp>2022-03-07T08:30:38Z</datestamp><setSpec>com_10324_1908</setSpec><setSpec>com_10324_952</setSpec><setSpec>com_10324_894</setSpec><setSpec>col_10324_1909</setSpec></header><metadata><record xmlns="http://www.loc.gov/MARC21/slim" xmlns:doc="http://www.lyncode.com/xoai" xmlns:xsi="http://www.w3.org/2001/XMLSchema-instance" xmlns:dcterms="http://purl.org/dc/terms/" xsi:schemaLocation="http://www.loc.gov/MARC21/slim http://www.loc.gov/standards/marcxml/schema/MARC21slim.xsd">
<leader>00925njm 22002777a 4500</leader>
<datafield tag="042" ind1=" " ind2=" ">
<subfield code="a">dc</subfield>
</datafield>
<datafield tag="720" ind1=" " ind2=" ">
<subfield code="a">Rodríguez Martín, José Antonio</subfield>
<subfield code="e">author</subfield>
</datafield>
<datafield tag="260" ind1=" " ind2=" ">
<subfield code="c">2005</subfield>
</datafield>
<datafield tag="520" ind1=" " ind2=" ">
<subfield code="a">Desde su origen, la Unión ha intentado elaborar unos presupuestos transpa-rentes y rigurosos, que tuvieran en cuenta las prioridades establecidas y favorecieran el control en su procedimiento anual. En este sentido, las Disposiciones financieras de los Tratados de Roma y del Reglamento financiero, recogidos también en la Constitución Europea, plasman el respeto a los criterios presupuestarios tradiciona-les, junto a las reglas de buena gestión y transparencia. No obstante, en la práctica existen múltiples excepciones en su aplicación, ya que un seguimiento estricto de los mismos no hubiera favorecido el desarrollo de los gastos inherentes al propio proyecto europeo. En este artículo se analizan las razones que justifican estos in-cumplimientos en los principales criterios presupuestarios, que han evitado, en gran medida, nuevos conflictos interinstitucionales y/o con Estados miembros en el pro-ceso de integración.</subfield>
</datafield>
<datafield tag="024" ind2=" " ind1="8">
<subfield code="a">Revista de Estudios Europeos, 2005, 41, p. 55-74</subfield>
</datafield>
<datafield tag="024" ind2=" " ind1="8">
<subfield code="a">1132-7170</subfield>
</datafield>
<datafield tag="024" ind2=" " ind1="8">
<subfield code="a">http://uvadoc.uva.es/handle/10324/2748</subfield>
</datafield>
<datafield tag="024" ind2=" " ind1="8">
<subfield code="a">55</subfield>
</datafield>
<datafield tag="024" ind2=" " ind1="8">
<subfield code="a">41</subfield>
</datafield>
<datafield tag="024" ind2=" " ind1="8">
<subfield code="a">74</subfield>
</datafield>
<datafield ind1=" " ind2=" " tag="653">
<subfield code="a">Presupuesto - Derecho - Países de la Unión Europea</subfield>
</datafield>
<datafield tag="245" ind1="0" ind2="0">
<subfield code="a">Los principios del presupuesto comunitario en la Constitución Europea</subfield>
</datafield>
</record></metadata></record></GetRecord></OAI-PMH>